LEADER 01127nam a2200241 i 4500 001 000000193427 003 CaOOAMICUS 005 20150210000000.0 008 150210n it u000 u ita u 013 $a172068 040 $aSeMil$bita 100 1 $aCastelfranchi Vegas, Liana,$d<1924-2013>.$0(OLS)http://semarc/name/9118 245 12$aL'Abbazia di Viboldone /$c[ Liana Castelfranchi Vegas ]. 260 $aViboldone - S. Giuliano Milanese :$bScuola Tipografica San Benedetto,$cstampa 1961. 300 $a19 p. :$b20 tav. ;$c25 cm. 500 $aIl nome dell'A. figura in fondo allo scritto. - Fondo card. Giovanni Colombo. 650 4$aSan Giuliano Milanese - Viboldone - Abbazia dei Santi Pietro e Paolo di Viboldone.$0(OLS)http://semarc/subject/7682 850 $aSeMil 852 $aSeMil$W1$xVenegono$y1$m3GC VIII 61$j144001$B144001$CSeMilBibl$Z2$F155444 $8B 941 1 $a3 961 $aLascito: Colombo Card. Giovanni 996 $6245$aL'Abbazia di Viboldone$9(OLS)http://semarc/title/238257 996 $6260$aViboldone - S. Giuliano Milanese :$bScuola Tipografica San Benedetto$9(OLS)http://semarc/publisher/40691 LEADER 01045nam a2200253 i 4500 001 000000119607 003 CaOOAMICUS 005 20031030000000.0 008 031030s1983 it u000 u ita u 013 $a92301 040 $aSeMil$bita 100 1 $aLeonardo Murialdo .$0(OLS)http://semarc/name/49856 245 10$aTestamento Spirituale /$cSan Leonardo Murialdo ; introduzione, traduzione e note di Giuseppe Fossati. 260 $aRoma :$bMurialdo,$c1983. 300 $a210 p. ;$c24 cm. 500 $aTesto francese a fronte. - Fondo Card. C.M. Martini. 650 4$aLeonardo : Murialdo - Testamento spirituale.$0(OLS)http://semarc/subject/22411 700 1 $aFossati, Giuseppe.$0(OLS)http://semarc/name/39378 850 $aSeMil 852 $aSeMil$W1$xVenegono$y1$m2C IV 23$j74814$B74814$CSeMilBibl$Z2$F84162 $81 941 1 $a4 961 $aOmaggio: Martini Card. Carlo Maria 996 $6245$aTestamento Spirituale$9(OLS)http://semarc/title/175821 996 $6260$aRoma :$bMurialdo$9(OLS)http://semarc/publisher/32621